[Event "Wch Blitz"]
[Site "St Petersburg"]
[Date "2018.12.30"]
[Round "20"]
[White "Dzhumagaliev, Yan"]
[Black "Maslak, Konstantin"]
[Result "0-1"]
[WhiteElo "2410"]
[BlackElo "2555"]
[PlyCount "144"]
[EventDate "2018.12.29"]
[EventType "swiss (blitz)"]
[EventRounds "21"]
[EventCountry "RUS"]
[SourceTitle "CBM 187 Extra"]
[Source "ChessBase"]
[SourceDate "2018.11.04"]
[SourceVersion "1"]
[SourceVersionDate "2018.11.04"]
[SourceQuality "1"]

1. Nf3 d6 2. d4 Bg4 3. c4 Nd7 4. Qb3 Rb8 5. g3 Bxf3 6. Qxf3 g6 7. h4 h5 8. Nc3 Bg7 9. Qd3 c5 10. d5 a6 11. e4 Ngf6 12. a4 Ne5 13. Qd1 Qa5 14. Bd3 Nfg4 15. 0-0 Nxd3 16. Qxd3 Ne5 17. Qe2 Qb4 18. a5 Qxc4 19. Qd1 0-0 20. Bg5 Rfe8 21. Bf4 Nd3 22. Ra4 Nb4 23. Qd2 Qd3 24. Qc1 b5 25. axb6 Rxb6 26. Bh6 Qf3 27. Bxg7 Kxg7 28. Qd1 Qxd1 29. Rxd1 Reb8 30. Rd2 Kf8 31. f4 Ke8 32. e5 Kd7 33. Kg2 c4 34. Kf3 Nd3 35. Rxc4 Nxb2 36. Rc6 Rxc6 37. dxc6+ Kxc6 38. Nd5 Rb7 39. exd6 exd6 40. Nf6 Nc4 41. Rd4 Kc5 42. Rd5+ Kc6 43. Rd4 Rb3+ 44. Kf2 Nb6 45. Ne4 d5 46. Ng5 f5 47. Nf7 Kc5 48. Rd1 Rb2+ 49. Kf3 Rb3+ 50. Kf2 Nc4 51. Re1 a5 52. Re6 a4 53. Rxg6 a3 54. Ra6 Rb2+ 55. Kf3 a2 56. Ne5 Nd2+ 57. Ke3 Kb5 58. Ra8 Nb3 59. Rb8+ Ka6 60. Nc6 a1Q 61. Nb4+ Ka5 62. Nc6+ Ka4 63. Ra8+ Kb5 64. Rxa1 Nxa1 65. Nd4+ Kc4 66. Nxf5 Nc2+ 67. Kf3 Nd4+ 68. Nxd4 Kxd4 69. g4 Rb3+ 70. Kf2 hxg4 71. h5 Rh3 72. h6 Rxh6 0-1

[Event "Wch Blitz"]
[Site "St Petersburg"]
[Date "2018.12.30"]
[Round "14"]
[White "Oparin, Grigoriy"]
[Black "Maslak, Konstantin"]
[Result "1-0"]
[WhiteElo "2613"]
[BlackElo "2555"]
[PlyCount "49"]
[EventDate "2018.12.29"]
[EventType "swiss (blitz)"]
[EventRounds "21"]
[EventCountry "RUS"]
[SourceTitle "CBM 187 Extra"]
[Source "ChessBase"]
[SourceDate "2018.11.04"]
[SourceVersion "1"]
[SourceVersionDate "2018.11.04"]
[SourceQuality "1"]

1. Nf3 d6 2. e4 Nf6 3. Nc3 e5 4. d4 Nbd7 5. g4 Nxg4 6. Rg1 Ngf6 7. Be3 c6 8. Qd2 exd4 9. Nxd4 Nc5 10. f3 Qe7 11. 0-0-0 Be6 12. Nxe6 Qxe6 13. Bxc5 dxc5 14. e5 Nd7 15. Bc4 Qe7 16. Ne4 Nxe5 17. Qc3 g6 18. Nd6+ Kd7 19. Nxf7+ Kc7 20. Nxe5 Bg7 21. f4 Rad8 22. a3 Qf6 23. Kb1 Kb8 24. Nd7+ Rxd7 25. Rxd7 1-0

[Event "Wch Blitz"]
[Site "St Petersburg"]
[Date "2018.12.30"]
[Round "13"]
[White "Ragger, Markus"]
[Black "Maslak, Konstantin"]
[Result "0-1"]
[WhiteElo "2687"]
[BlackElo "2555"]
[PlyCount "114"]
[EventDate "2018.12.29"]
[EventType "swiss (blitz)"]
[EventRounds "21"]
[EventCountry "RUS"]
[SourceTitle "CBM 187 Extra"]
[Source "ChessBase"]
[SourceDate "2018.11.04"]
[SourceVersion "1"]
[SourceVersionDate "2018.11.04"]
[SourceQuality "1"]

1. e4 d6 2. d4 Nf6 3. Bd3 g6 4. Nf3 Bg7 5. 0-0 0-0 6. c3 Nc6 7. h3 e5 8. Re1 h6 9. Na3 a6 10. Nc2 b6 11. a4 Bb7 12. b4 Re8 13. Bb2 Qe7 14. d5 Nb8 15. a5 b5 16. c4 bxc4 17. Bxc4 Nbd7 18. Bb3 Nh5 19. Ba4 Nf4 20. Ne3 Rec8 21. Bc6 Bxc6 22. dxc6 Nf6 23. Nd5 N6xd5 24. exd5 Rcb8 25. Qd2 Qf6 26. Ra3 Rb5 27. Rxe5 dxe5 28. Bxe5 Rxd5 29. Bxf6 Rxd2 30. Nxd2 Bxf6 31. Rf3 Be5 32. Nc4 f6 33. Re3 Re8 34. Re4 g5 35. Kf1 Nd5 36. g3 Rb8 37. Nxe5 fxe5 38. Rxe5 Nxb4 39. Re6 Rb5 40. Rxh6 Rxa5 41. Rg6+ Kf7 42. Rh6 Kg7 43. Re6 Kf7 44. Rh6 Ke7 45. Kg2 Rc5 46. Rh7+ Kd6 47. Rh6+ Kd5 48. Rg6 Kd4 49. f4 gxf4 50. gxf4 Rxc6 51. f5 Rxg6+ 52. fxg6 Nd5 53. Kg3 Ke5 54. h4 Kf6 55. h5 a5 56. Kf3 a4 57. Ke4 a3 0-1

[Event "Wch Blitz"]
[Site "St Petersburg"]
[Date "2018.12.30"]
[Round "19"]
[White "Vokhidov, Shamsiddin"]
[Black "Maslak, Konstantin"]
[Result "1-0"]
[WhiteElo "2480"]
[BlackElo "2555"]
[PlyCount "91"]
[EventDate "2018.12.29"]
[EventType "swiss (blitz)"]
[EventRounds "21"]
[EventCountry "RUS"]
[SourceTitle "CBM 187 Extra"]
[Source "ChessBase"]
[SourceDate "2018.11.04"]
[SourceVersion "1"]
[SourceVersionDate "2018.11.04"]
[SourceQuality "1"]

1. e4 e6 2. d4 d5 3. Nd2 dxe4 4. Nxe4 Nd7 5. Nf3 Ngf6 6. Bd3 Nxe4 7. Bxe4 Nf6 8. Bg5 Qd6 9. Bd3 Qb4+ 10. Bd2 Qxb2 11. 0-0 Qa3 12. Qe2 Be7 13. c4 0-0 14. Bf4 c6 15. Ne5 Qa5 16. Bg5 Qd8 17. Rad1 Nd7 18. Qh5 f5 19. Bf4 Nf6 20. Qf3 Qe8 21. Bc2 Qh5 22. Qg3 Qe8 23. Rfe1 Nh5 24. Qf3 Nxf4 25. Qxf4 Qd8 26. Bb3 Bd6 27. c5 Bc7 28. Qe3 Kh8 29. Nf3 Re8 30. Re2 Bd7 31. Rde1 Qf6 32. Qc3 b6 33. Ne5 Bxe5 34. Rxe5 bxc5 35. Qxc5 h6 36. h3 a5 37. Qd6 Rad8 38. Rxa5 Bc8 39. Qxc6 Bd7 40. Qc5 Kh7 41. Qe5 Qxe5 42. Raxe5 Bc8 43. d5 Rd6 44. dxe6 Re7 45. Rxf5 Kg6 46. Bc2 1-0

[Event "Wch Blitz"]
[Site "St Petersburg"]
[Date "2018.12.29"]
[Round "3"]
[White "Guseinov, Gadir"]
[Black "Maslak, Konstantin"]
[Result "1-0"]
[WhiteElo "2664"]
[BlackElo "2555"]
[PlyCount "59"]
[EventDate "2018.12.29"]
[EventType "swiss (blitz)"]
[EventRounds "21"]
[EventCountry "RUS"]
[SourceTitle "CBM 187 Extra"]
[Source "ChessBase"]
[SourceDate "2018.11.04"]
[SourceVersion "1"]
[SourceVersionDate "2018.11.04"]
[SourceQuality "1"]

1. e4 d6 2. d4 Nf6 3. Nc3 e5 4. Nf3 Nbd7 5. Bc4 Be7 6. 0-0 0-0 7. a4 c6 8. a5 Qc7 9. Re1 h6 10. h3 Re8 11. Be3 Nf8 12. Bb3 Be6 13. Ba4 Red8 14. Qd3 Ng6 15. b4 d5 16. exd5 Nxd5 17. Nxd5 Bxd5 18. Nd2 Bxb4 19. c4 Be6 20. Nf3 Bxe1 21. Nxe1 exd4 22. Bd2 Ne5 23. Qg3 Kh8 24. Nd3 Nxd3 25. Qxc7 Nc5 26. Bd1 Rac8 27. Qe5 Nd3 28. Qg3 Bxc4 29. Bg4 Be6 30. Qxd3 1-0

[Event "Wch Blitz"]
[Site "St Petersburg"]
[Date "2018.12.29"]
[Round "11"]
[White "Hirneise, Jens"]
[Black "Maslak, Konstantin"]
[Result "0-1"]
[WhiteElo "2371"]
[BlackElo "2555"]
[PlyCount "148"]
[EventDate "2018.12.29"]
[EventType "swiss (blitz)"]
[EventRounds "21"]
[EventCountry "RUS"]
[SourceTitle "CBM 187 Extra"]
[Source "ChessBase"]
[SourceDate "2018.11.04"]
[SourceVersion "1"]
[SourceVersionDate "2018.11.04"]
[SourceQuality "1"]

1. e4 d6 2. d4 Nf6 3. Nc3 e5 4. Nf3 Nbd7 5. g4 Nxg4 6. Rg1 Ngf6 7. Be3 exd4 8. Qxd4 c6 9. 0-0-0 Qe7 10. Bf4 Nh5 11. Bxd6 Qxd6 12. Qxd6 Bxd6 13. Rxd6 Ke7 14. Rd2 g6 15. Bh3 Nb6 16. Bxc8 Raxc8 17. Rgd1 Rcd8 18. Rxd8 Rxd8 19. Rxd8 Kxd8 20. b3 Ke7 21. Kd2 h6 22. Ke3 Nd7 23. h3 Ng7 24. a4 a5 25. Nd2 Nb6 26. Ncb1 Nd7 27. Na3 b6 28. Nac4 f5 29. c3 Ke6 30. b4 axb4 31. cxb4 fxe4 32. Kxe4 b5 33. axb5 cxb5 34. Na3 Nf6+ 35. Kd4 Nf5+ 36. Kc5 Nd6 37. Nxb5 Nd7+ 38. Kc6 Ne5+ 39. Kb6 Nd3 40. Nxd6 Nxb4 41. N6e4 Nd3 42. Kb5 Kd5 43. Ka4 g5 44. Kb3 Nf4 45. Ng3 Nxh3 46. Kc3 Nxf2 47. Nf5 h5 48. Ne3+ Ke5 49. Nf3+ Kf4 50. Nxg5 Kxe3 51. Kc2 h4 52. Kc1 Kf4 53. Ne6+ Kg3 54. Ng5 Kf4 55. Ne6+ Kg4 56. Kd2 h3 57. Ke2 h2 58. Kxf2 h1Q 59. Nd4 Qe4 60. Ne2 Qd3 61. Ng1 Kf5 62. Ne2 Ke4 63. Ng3+ Kd4 64. Ne2+ Ke5 65. Ng3 Qa3 66. Ne2 Kf5 67. Ng3+ Kg4 68. Ne2 Qf3+ 69. Ke1 Qe3 70. Kf1 Qd3 71. Kf2 Qd2 72. Kf1 Kf3 73. Ng1+ Ke3 74. Nh3 Qh2 0-1

[Event "Pardubice Czech op-A 28th"]
[Site "Pardubice"]
[Date "2017.07.28"]
[Round "8"]
[White "Kraus, Tomas"]
[Black "Maslak, Konstantin"]
[Result "1/2-1/2"]
[WhiteElo "2422"]
[BlackElo "2566"]
[PlyCount "118"]
[EventDate "2017.07.21"]
[EventType "swiss"]
[EventRounds "9"]
[EventCountry "CZE"]
[SourceTitle "CBM 179 Extra"]
[Source "ChessBase"]
[SourceDate "2017.08.23"]
[SourceVersion "1"]
[SourceVersionDate "2017.08.23"]
[SourceQuality "1"]

1. d4 d6 2. g3 g6 3. Bg2 Bg7 4. c4 e5 5. dxe5 dxe5 6. Qxd8+ Kxd8 7. Nc3 c6 8. b3 Kc7 9. Ba3 Nf6 10. Nf3 Ne8 11. 0-0-0 f6 12. h4 Bg4 13. Bh3 Bxh3 14. Rxh3 h5 15. Rg1 f5 16. Rd1 Nd7 17. Rhh1 Nf8 18. Bb2 Rh7 19. e4 Rd8 20. Rhe1 Nd7 21. Ng5 Bh6 22. f4 Bxg5 23. hxg5 fxe4 24. fxe5 Nxe5 25. Nb5+ cxb5 26. Bxe5+ Kc8 27. Rxd8+ Kxd8 28. cxb5 h4 29. gxh4 Rxh4 30. Bb8 a6 31. bxa6 bxa6 32. Rd1+ Kc8 33. Ba7 Rg4 34. Rg1 Rxg1+ 35. Bxg1 Kd7 36. b4 Kc6 37. a4 Nd6 38. Kd2 Kd5 39. Kc3 Nc4 40. b5 axb5 41. axb5 Nd6 42. Kb4 Nc4 43. b6 Nd6 44. Ka5 Kc6 45. Ka6 Nb7 46. Ka7 Nd6 47. Be3 Nb7 48. Bf2 Nd6 49. Kb8 Nb7 50. Bg1 Nd6 51. Be3 Nb7 52. Kc8 Nd6+ 53. Kd8 Nc4 54. Bd4 e3 55. Ke7 e2 56. Bf2 Ne5 57. Bg3 Kxb6 58. Kf6 Nf3 59. Kxg6 Nxg5 1/2-1/2

[Event "Pardubice Czech op-A 28th"]
[Site "Pardubice"]
[Date "2017.07.27"]
[Round "7"]
[White "Maslak, Konstantin"]
[Black "Rydl, Jiri"]
[Result "1/2-1/2"]
[WhiteElo "2566"]
[BlackElo "2395"]
[PlyCount "52"]
[EventDate "2017.07.21"]
[EventType "swiss"]
[EventRounds "9"]
[EventCountry "CZE"]
[SourceTitle "CBM 179 Extra"]
[Source "ChessBase"]
[SourceDate "2017.08.23"]
[SourceVersion "1"]
[SourceVersionDate "2017.08.23"]
[SourceQuality "1"]

1. e4 e6 2. d4 d5 3. Nd2 Be7 4. c3 c5 5. dxc5 Bxc5 6. Bd3 Nc6 7. Qe2 Nge7 8. Ngf3 Bb6 9. 0-0 0-0 10. Nb3 Ng6 11. Be3 Bxe3 12. Qxe3 dxe4 13. Bxe4 Qc7 14. Nbd4 Nxd4 15. cxd4 Qd6 16. Ng5 h6 17. Bxg6 hxg5 18. Bc2 Qf4 19. Qd3 g6 20. Rae1 Bd7 21. Re3 Rac8 22. Bb3 Rfd8 23. Rf3 Qd6 24. Rg3 Qf4 25. Rf3 Qd6 26. Rg3 Qf4 1/2-1/2

[Event "Pardubice op rapid 28th"]
[Site "Pardubice"]
[Date "2017.07.20"]
[Round "4"]
[White "Frolov, Artur"]
[Black "Maslak, Konstantin"]
[Result "1-0"]
[WhiteElo "2410"]
[BlackElo "2566"]
[PlyCount "78"]
[EventDate "2017.07.19"]
[EventType "swiss (rapid)"]
[EventRounds "9"]
[EventCountry "CZE"]
[SourceTitle "CBM 179 Extra"]
[Source "ChessBase"]
[SourceDate "2017.08.23"]
[SourceVersion "1"]
[SourceVersionDate "2017.08.23"]
[SourceQuality "1"]

1. e4 e5 2. Nf3 d6 3. d4 Nd7 4. Bc4 Be7 5. 0-0 Ngf6 6. Bxf7+ Kxf7 7. Ng5+ Kg8 8. Ne6 Qe8 9. Nxc7 Qd8 10. Nxa8 b5 11. dxe5 dxe5 12. Qd3 Bb7 13. Qxb5 Qxa8 14. Qc4+ Kf8 15. Nc3 Nc5 16. f3 Ba6 17. Nb5 Qb7 18. a4 Nxa4 19. Qxa4 Bxb5 20. Qb3 Bc5+ 21. Kh1 Ba6 22. Qxb7 Bxb7 23. b4 Bd4 24. c3 Bb6 25. Bb2 Ke7 26. c4 a6 27. Bxe5 Ke6 28. Bc3 Rc8 29. c5 Bc7 30. Rfd1 h6 31. c6 Bxc6 32. Rxa6 Be5 33. Bxe5 Kxe5 34. Rc1 Bb7 35. Ra5+ Kd4 36. Rxc8 Bxc8 37. Ra7 g5 38. Rc7 Bd7 39. Kg1 Bb5 1-0

[Event "Pardubice op rapid 28th"]
[Site "Pardubice"]
[Date "2017.07.20"]
[Round "6"]
[White "Manik, Mikulas"]
[Black "Maslak, Konstantin"]
[Result "1-0"]
[WhiteElo "2407"]
[BlackElo "2566"]
[PlyCount "95"]
[EventDate "2017.07.19"]
[EventType "swiss (rapid)"]
[EventRounds "9"]
[EventCountry "CZE"]
[SourceTitle "CBM 179 Extra"]
[Source "ChessBase"]
[SourceDate "2017.08.23"]
[SourceVersion "1"]
[SourceVersionDate "2017.08.23"]
[SourceQuality "1"]

1. e4 e6 2. d4 d5 3. Nc3 Nf6 4. e5 Nfd7 5. f4 c5 6. Nf3 Nc6 7. Be3 Be7 8. Qd2 0-0 9. Be2 a6 10. Nd1 cxd4 11. Nxd4 Nc5 12. Nf2 Bd7 13. Nb3 Nxb3 14. axb3 Qc7 15. Nd3 f6 16. exf6 Bxf6 17. 0-0 Nd4 18. Bd1 Bb5 19. Re1 Nf5 20. Bf2 Bxd3 21. Qxd3 Rae8 22. Bf3 Bxb2 23. Rab1 Qc3 24. Rxb2 Qxb2 25. g4 Nd6 26. Bd4 Qa3 27. Qe3 Qa5 28. Bc3 Qc7 29. Be5 Qc6 30. c4 Ne4 31. Qd4 Rf7 32. h4 Rd7 33. h5 Qc5 34. Rxe4 Qxd4+ 35. Rxd4 Red8 36. cxd5 exd5 37. g5 b5 38. b4 Kf7 39. Kf2 Ke8 40. Kg3 Kf8 41. f5 a5 42. bxa5 Ra8 43. g6 hxg6 44. hxg6 Rxa5 45. Rh4 Ra3 46. Rh8+ Ke7 47. Bxg7 Kd6 48. Bf8+ 1-0

[Event "Pardubice op rapid 28th"]
[Site "Pardubice"]
[Date "2017.07.20"]
[Round "7"]
[White "Maslak, Konstantin"]
[Black "Chizhikov, Vladislav"]
[Result "1/2-1/2"]
[WhiteElo "2566"]
[BlackElo "2305"]
[PlyCount "111"]
[EventDate "2017.07.19"]
[EventType "swiss (rapid)"]
[EventRounds "9"]
[EventCountry "CZE"]
[SourceTitle "CBM 179 Extra"]
[Source "ChessBase"]
[SourceDate "2017.08.23"]
[SourceVersion "1"]
[SourceVersionDate "2017.08.23"]
[SourceQuality "1"]

1. c4 c5 2. g3 Nc6 3. Bg2 g6 4. Nc3 Bg7 5. e3 Nh6 6. Nge2 Nf5 7. a3 0-0 8. 0-0 b6 9. b4 Bb7 10. Rb1 d6 11. d4 cxd4 12. exd4 Rc8 13. Bb2 Qd7 14. Nd5 e6 15. Ne3 Nce7 16. Bxb7 Qxb7 17. Nxf5 Nxf5 18. Qd3 Qa6 19. b5 Qa4 20. Rbc1 Rc7 21. g4 Ne7 22. Rc3 Rfc8 23. Rfc1 d5 24. cxd5 Nxd5 25. Rxc7 Rxc7 26. Rxc7 Nxc7 27. Kg2 Qxb5 28. Qxb5 Nxb5 29. a4 Nc7 30. Kf3 Nd5 31. Ke4 Kf8 32. g5 Ke7 33. Nc1 h6 34. h4 hxg5 35. hxg5 Kd6 36. Nd3 Kc6 37. f3 b5 38. axb5+ Kxb5 39. Ba3 Kc4 40. Ne5+ Bxe5 41. Kxe5 a5 42. Bc1 a4 43. f4 Nb4 44. Kf6 Kb3 45. Kxf7 Nd3 46. Kxe6 Nxc1 47. f5 gxf5 48. g6 a3 49. g7 a2 50. g8Q a1Q 51. Kxf5+ Kc2 52. Qg2+ Kc3 53. Qc6+ Kd2 54. Qh6+ Kc2 55. Qc6+ Kd2 56. Ke4 1/2-1/2

[Event "Pardubice op rapid 28th"]
[Site "Pardubice"]
[Date "2017.07.19"]
[Round "3"]
[White "Maslak, Konstantin"]
[Black "Galchenko, Matvey"]
[Result "1-0"]
[WhiteElo "2566"]
[BlackElo "2336"]
[PlyCount "91"]
[EventDate "2017.07.19"]
[EventType "swiss (rapid)"]
[EventRounds "9"]
[EventCountry "CZE"]
[SourceTitle "CBM 179 Extra"]
[Source "ChessBase"]
[SourceDate "2017.08.23"]
[SourceVersion "1"]
[SourceVersionDate "2017.08.23"]
[SourceQuality "1"]

1. c4 Nf6 2. Nc3 e5 3. g3 Nc6 4. Bg2 Bc5 5. e3 d6 6. Nge2 a5 7. 0-0 0-0 8. d3 Bf5 9. h3 Qd7 10. Kh2 Rfe8 11. a3 Nd8 12. g4 Bg6 13. Ng3 h6 14. d4 exd4 15. exd4 Ba7 16. f4 Nc6 17. f5 Bh7 18. g5 hxg5 19. Bxg5 Kh8 20. Nb5 Ng8 21. Nxa7 Rxa7 22. Qd2 f6 23. Be3 Raa8 24. Bd5 Nd8 25. Rf4 c6 26. Be4 d5 27. cxd5 cxd5 28. Bd3 Nf7 29. Rg1 Re7 30. Nh5 Rae8 31. Rxg7 Qd6 32. Qg2 Ng5 33. Rxe7 Rxe7 34. Bd2 Nh6 35. Kh1 b6 36. h4 Ne4 37. Rxe4 dxe4 38. Bxh6 Bxf5 39. Bg7+ Kg8 40. Bxf6+ Kf8 41. Be2 Rc7 42. Qg5 Qd7 43. Be5 Rc2 44. Qh6+ Kf7 45. Qg7+ Ke6 46. Nf4# 1-0

[Event "St Petersburg Summer blitz"]
[Site "St Petersburg"]
[Date "2013.08.28"]
[Round "4"]
[White "Demidov, Mikhail"]
[Black "Maslak, Konstantin"]
[Result "1-0"]
[WhiteElo "2494"]
[BlackElo "2566"]
[PlyCount "111"]
[EventDate "2013.08.28"]
[EventType "swiss (blitz)"]
[EventRounds "13"]
[EventCountry "RUS"]
[SourceTitle "CBM 156 Extra"]
[Source "ChessBase"]
[SourceDate "2013.10.22"]
[SourceVersion "1"]
[SourceVersionDate "2013.10.22"]
[SourceQuality "1"]

1. Nf3 d6 2. d4 Bg4 3. g3 Bxf3 4. exf3 d5 5. Bg2 e6 6. 0-0 g6 7. f4 Bg7 8. c3 c6 9. Nd2 Nd7 10. Nf3 Ne7 11. Ne5 0-0 12. h4 h5 13. Re1 Rc8 14. Bh3 Nf5 15. Bd2 Nf6 16. Nd3 Ne4 17. Bg2 Nfd6 18. Be3 Qc7 19. Rc1 Rfd8 20. Rc2 b6 21. Ne5 b5 22. Nd3 Nf6 23. Ne5 Nf5 24. Qd3 a6 25. Bf3 Nd7 26. Rce2 Nxe3 27. Rxe3 Nxe5 28. dxe5 c5 29. f5 c4 30. Qd1 gxf5 31. Bxh5 d4 32. cxd4 Qa7 33. Qc2 Rxd4 34. Rd1 Rcd8 35. Ree1 R8d5 36. Bf3 Rxe5 37. Kg2 Rxe1 38. Rxe1 Qd7 39. Re2 Rd3 40. Ba8 Bf6 41. Kh2 Kg7 42. Bg2 Rd4 43. Qc1 f4 44. h5 Bg5 45. Qc2 Kh6 46. Qc3 Qd6 47. Qf3 Rd3 48. Qg4 f5 49. Qh3 f3 50. Bxf3 Rxf3 51. Qg2 Rd3 52. Qa8 Bf6 53. Qe8 Kg7 54. Qg6+ Kh8 55. Qxf6+ Kh7 56. Rxe6 1-0

[Event "St Petersburg Summer blitz"]
[Site "St Petersburg"]
[Date "2013.08.28"]
[Round "10"]
[White "Khusenkhojaev, Muhammad"]
[Black "Maslak, Konstantin"]
[Result "1/2-1/2"]
[WhiteElo "2377"]
[BlackElo "2566"]
[PlyCount "154"]
[EventDate "2013.08.28"]
[EventType "swiss (blitz)"]
[EventRounds "13"]
[EventCountry "RUS"]
[SourceTitle "CBM 156 Extra"]
[Source "ChessBase"]
[SourceDate "2013.10.22"]
[SourceVersion "1"]
[SourceVersionDate "2013.10.22"]
[SourceQuality "1"]

1. Nf3 g6 2. c4 Bg7 3. g3 Nf6 4. Bg2 0-0 5. 0-0 d6 6. d4 c6 7. Nc3 Bf5 8. Bf4 Ne4 9. Nxe4 Bxe4 10. Qd2 Nd7 11. Bh6 Nf6 12. Bxg7 Kxg7 13. Bh3 Bxf3 14. exf3 e6 15. Bg2 d5 16. c5 Nd7 17. f4 b6 18. cxb6 axb6 19. Rfc1 c5 20. dxc5 bxc5 21. b4 cxb4 22. Qxb4 Qb6 23. Qd2 Ra4 24. Rab1 Qa7 25. Rb2 Ra8 26. Rcc2 Nb6 27. Qc3+ Kg8 28. h4 Nc4 29. Rb4 Ra3 30. Qf6 Re8 31. f5 Rxg3 32. h5 gxf5 33. h6 Rg6 34. Qh4 Qd7 35. Kh1 Qd6 36. Rb3 Qe5 37. Rg3 Qe1+ 38. Kh2 Qe5 39. Kh1 Kh8 40. Bf1 Reg8 41. Rxg6 hxg6 42. Bxc4 dxc4 43. Rxc4 Kh7 44. a4 g5 45. Qh5 Rg6 46. Qd1 Rxh6+ 47. Kg2 Rh2+ 48. Kf3 Rh3+ 49. Kg2 Qh2+ 50. Kf1 Qh1+ 51. Ke2 Qxd1+ 52. Kxd1 Ra3 53. Kc2 Kg6 54. Kb2 Rf3 55. Rc2 Rf4 56. Kb3 Rd4 57. a5 Rd6 58. Kb4 g4 59. Kc5 Rd5+ 60. Kb6 f4 61. a6 Rd6+ 62. Kb7 Rd7+ 63. Kb8 Rd8+ 64. Kc7 Ra8 65. Kb7 Rxa6 66. Kxa6 Kf5 67. Rc7 f6 68. Rg7 e5 69. Kb5 Ke4 70. Rxg4 Kf3 71. Rg6 Kxf2 72. Rxf6 Ke3 73. Kc5 f3 74. Kd5 f2 75. Kxe5 Ke2 76. Ke4 f1Q 77. Rxf1 Kxf1 1/2-1/2

[Event "St Petersburg Summer blitz"]
[Site "St Petersburg"]
[Date "2013.08.28"]
[Round "2"]
[White "Kukhmazov, Arsen"]
[Black "Maslak, Konstantin"]
[Result "0-1"]
[WhiteElo "2196"]
[BlackElo "2566"]
[PlyCount "96"]
[EventDate "2013.08.28"]
[EventType "swiss (blitz)"]
[EventRounds "13"]
[EventCountry "RUS"]
[SourceTitle "CBM 156 Extra"]
[Source "ChessBase"]
[SourceDate "2013.10.22"]
[SourceVersion "1"]
[SourceVersionDate "2013.10.22"]
[SourceQuality "1"]

1. d4 Nf6 2. c4 g6 3. g3 Bg7 4. Bg2 0-0 5. Nc3 d6 6. Nf3 c6 7. 0-0 Bf5 8. Re1 Ne4 9. Na4 Bd7 10. Nh4 f5 11. Bxe4 fxe4 12. Nc3 Be6 13. d5 Bf5 14. Nxf5 gxf5 15. Qb3 Qc7 16. c5 Kh8 17. Bf4 Na6 18. cxd6 exd6 19. Red1 Rad8 20. Rac1 c5 21. Nb5 Qb6 22. Nxd6 Rxd6 23. Bxd6 Qxd6 24. Qxb7 e3 25. f3 Rb8 26. Qc6 Rd8 27. b3 Bd4 28. Kg2 Nb4 29. Qa4 Nxd5 30. Qxa7 Rg8 31. Kh1 Qc6 32. Qa4 Qxa4 33. bxa4 Nc3 34. Re1 Ra8 35. Rc2 Rxa4 36. Rec1 Ra3 37. Kg2 Kg7 38. Kf1 Kf6 39. Rb2 Rxa2 40. Rxa2 Nxa2 41. Rc2 Nb4 42. Rc1 Ke5 43. Rb1 Kd5 44. Ke1 Bc3+ 45. Kd1 Kc4 46. Rc1 Kb3 47. Rb1+ Bb2 48. Ke1 c4 0-1

[Event "Pardubice Czech op 22nd"]
[Site "Pardubice"]
[Date "2011.07.29"]
[Round "8"]
[White "Maslak, Konstantin"]
[Black "Akesson, Ralf"]
[Result "1-0"]
[WhiteElo "2561"]
[BlackElo "2429"]
[PlyCount "75"]
[EventDate "2011.07.22"]
[EventType "swiss"]
[EventRounds "9"]
[EventCountry "CZE"]
[SourceTitle "CBM 143 Extra"]
[Source "ChessBase"]
[SourceDate "2011.08.29"]
[SourceVersion "1"]
[SourceVersionDate "2011.08.29"]
[SourceQuality "1"]

1. e4 c5 2. Ne2 Nc6 3. Nbc3 e6 4. d4 cxd4 5. Nxd4 Qc7 6. f4 a6 7. Nxc6 Qxc6 8. Bd3 b5 9. Qe2 Bb7 10. Bd2 Bc5 11. 0-0-0 Ne7 12. Qg4 b4 13. Ne2 0-0 14. Ng3 f6 15. f5 Kh8 16. Rhf1 a5 17. Nh5 Rf7 18. Nf4 b3 19. Kb1 e5 20. Ng6+ hxg6 21. fxg6 Nxg6 22. Qxg6 bxc2+ 23. Bxc2 Kg8 24. Rf3 a4 25. Rh3 Qb5 26. Bc3 Bb4 27. Bxb4 Qxb4 28. a3 Qc4 29. Qh7+ Kf8 30. Rc3 Qe6 31. Bd3 g5 32. Qh5 Kg7 33. Qe2 d5 34. exd5 Bxd5 35. Ka1 Rb8 36. Rb1 Bb3 37. Rf1 Rc8 38. Bf5 1-0

[Event "Pardubice Czech op 22nd"]
[Site "Pardubice"]
[Date "2011.07.27"]
[Round "6"]
[White "Maslak, Konstantin"]
[Black "Smith, Axel"]
[Result "1/2-1/2"]
[WhiteElo "2561"]
[BlackElo "2465"]
[PlyCount "63"]
[EventDate "2011.07.22"]
[EventType "swiss"]
[EventRounds "9"]
[EventCountry "CZE"]
[SourceTitle "CBM 143 Extra"]
[Source "ChessBase"]
[SourceDate "2011.08.29"]
[SourceVersion "1"]
[SourceVersionDate "2011.08.29"]
[SourceQuality "1"]

1. d4 Nf6 2. Nf3 d5 3. c4 e6 4. Nc3 Bb4 5. Bg5 h6 6. Bxf6 Qxf6 7. Qb3 c5 8. cxd5 exd5 9. a3 Bxc3+ 10. bxc3 c4 11. Qb5+ Qc6 12. Qb2 Bf5 13. g4 Be4 14. Bg2 Nd7 15. Nh4 Bxg2 16. Nxg2 Nf6 17. f3 0-0-0 18. a4 Rde8 19. Qd2 Re7 20. e3 Rhe8 21. Qf2 g5 22. h4 Nd7 23. hxg5 hxg5 24. Qc2 Re6 25. Kf2 Rf6 26. Rh5 Rg8 27. Rah1 Kc7 28. Ke2 Qd6 29. Kf2 Qe6 30. Ke2 Qd6 31. Kf2 Qe6 32. Ke2 1/2-1/2

[Event "Pardubice Czech op 22nd"]
[Site "Pardubice"]
[Date "2011.07.25"]
[Round "4"]
[White "Maslak, Konstantin"]
[Black "Rasik, Vitezslav"]
[Result "1/2-1/2"]
[WhiteElo "2561"]
[BlackElo "2475"]
[PlyCount "73"]
[EventDate "2011.07.22"]
[EventType "swiss"]
[EventRounds "9"]
[EventCountry "CZE"]
[SourceTitle "CBM 143 Extra"]
[Source "ChessBase"]
[SourceDate "2011.08.29"]
[SourceVersion "1"]
[SourceVersionDate "2011.08.29"]
[SourceQuality "1"]

1. d4 d6 2. Nf3 g6 3. g3 Nf6 4. Bg2 Bg7 5. 0-0 0-0 6. c4 Nc6 7. Nc3 a6 8. Qd3 Nd7 9. Be3 Rb8 10. Qd2 Re8 11. Rfd1 b5 12. cxb5 axb5 13. Rac1 Na5 14. b3 Nf6 15. Ne1 b4 16. Nd5 Nxd5 17. Bxd5 Bb7 18. Bxb7 Rxb7 19. Bh6 Bh8 20. e4 Qd7 21. Be3 Reb8 22. Qc2 Ra8 23. Kg2 Ra6 24. Qe2 Ra8 25. Nd3 Nc6 26. Rc4 Rab8 27. Rdc1 Na5 28. R4c2 c6 29. h4 h5 30. Kh2 Bg7 31. f3 Rb5 32. Qf2 Rf8 33. Qd2 Rfb8 34. Kg2 Kh7 35. Qe2 Kg8 36. Kh2 Kh7 37. Kg2 1/2-1/2

[Event "Pardubice Czech op 22nd"]
[Site "Pardubice"]
[Date "2011.07.23"]
[Round "2"]
[White "Maslak, Konstantin"]
[Black "Biolek, Richard"]
[Result "1-0"]
[WhiteElo "2561"]
[BlackElo "2409"]
[PlyCount "67"]
[EventDate "2011.07.22"]
[EventType "swiss"]
[EventRounds "9"]
[EventCountry "CZE"]
[SourceTitle "CBM 143 Extra"]
[Source "ChessBase"]
[SourceDate "2011.08.29"]
[SourceVersion "1"]
[SourceVersionDate "2011.08.29"]
[SourceQuality "1"]

1. d4 Nc6 2. Nf3 d5 3. c4 Bg4 4. Nc3 e6 5. Bf4 Bxf3 6. gxf3 dxc4 7. e3 Nf6 8. Bxc4 Bd6 9. Bg3 0-0 10. 0-0 e5 11. dxe5 Nxe5 12. Be2 a6 13. Qb3 Qc8 14. Rfd1 h5 15. Nd5 Qe6 16. Nxf6+ Qxf6 17. f4 Ng4 18. Rd5 Qh6 19. Bh4 Rae8 20. h3 Nf6 21. Bxf6 Qxf6 22. Bxh5 Re4 23. Rd2 Rb4 24. Qc3 Qh6 25. Bg4 Rb6 26. Rd5 Bb4 27. Qc2 Rg6 28. Kg2 c6 29. Rf5 Qh4 30. Qe2 Rd8 31. Rd1 Rxd1 32. Qxd1 Be1 33. Kh1 Bxf2 34. Qd7 1-0